000
00252nam a2200109Ia 4500
008
200302s9999 xx 000 0 und d
100
_a
D. M. Field
245
_a
Leonardo Da Vinci
260
_b
Grange Books Published
260
_c
2002
300
_a
446 P.,
999
_c
1632
_d
1632